Basics of nursing biochemistry / (Record no. 23677)
[ view plain ]
| 000 -LEADER | |
|---|---|
| fixed length control field | 00749nam a22002415a 4500 |
| 005 - DATE AND TIME OF LATEST TRANSACTION | |
| control field | 20161229115823.0 |
| 008 - FIXED-LENGTH DATA ELEMENTS--GENERAL INFORMATION | |
| fixed length control field | 161221r20152014ii a fr 001 0 eng d |
| 020 ## - INTERNATIONAL STANDARD BOOK NUMBER | |
| International Standard Book Number | 9789381714669 |
| 040 ## - CATALOGING SOURCE | |
| Original cataloging agency | EG-ScBUE |
| Language of cataloging | eng |
| Transcribing agency | EG-ScBUE |
| Modifying agency | EG-ScBUE |
| 082 04 - DEWEY DECIMAL CLASSIFICATION NUMBER | |
| Edition number | 22 |
| Classification number | 612.015 |
| Item number | VVV |
| 100 1# - MAIN ENTRY--PERSONAL NAME | |
| Personal name | V., Ravi B. |
| 245 10 - TITLE STATEMENT | |
| Title | Basics of nursing biochemistry / |
| Statement of responsibility, etc | Ravi B. V., Sudhakar H. H. |
| 250 ## - EDITION STATEMENT | |
| Edition statement | 2nd ed., Reprint ed. |
| 260 ## - PUBLICATION, DISTRIBUTION, ETC. (IMPRINT) | |
| Place of publication, distribution, etc | New Delhi : |
| Name of publisher, distributor, etc | Medtec, |
| Date of publication, distribution, etc | 2015. |
| 300 ## - PHYSICAL DESCRIPTION | |
| Extent | xii, 203 p. : |
| Other physical details | ill. ; |
| Dimensions | 24 cm. |
| 500 ## - GENERAL NOTE | |
| General note | Reprinted of 2014 ed. |
| 500 ## - GENERAL NOTE | |
| General note | Index : p. [193]-203. |
| 650 #7 - SUBJECT ADDED ENTRY--TOPICAL TERM | |
| Source of heading or term | BUEsh |
| 9 (RLIN) | 18368 |
| Topical term or geographic name as entry element | Biochemistry. |
| 650 #7 - SUBJECT ADDED ENTRY--TOPICAL TERM | |
| 9 (RLIN) | 36329 |
| Topical term or geographic name as entry element | Nursing |
| General subdivision | Study and teaching. |
| Source of heading or term | BUEsh |
| 653 ## - INDEX TERM--UNCONTROLLED | |
| Resource For college | Nursing |
| Arrived date list | December2016 |
| 700 1# - ADDED ENTRY--PERSONAL NAME | |
| Personal name | H., Sudhakar H. |
| 942 ## - ADDED ENTRY ELEMENTS (KOHA) | |
| Source of classification or shelving scheme | Dewey Decimal Classification |
| Withdrawn status | Item status | Source of classification or shelving scheme | Damaged status | Not for loan | Vendor | Home library | Current library | Shelving location | Date acquired | Source of acquisition | Cost, normal purchase price | Serial Enumeration / chronology | Total Checkouts | Total Renewals | Full call number | Barcode | Date last seen | Date last borrowed | Cost, replacement price | Koha item type |
|---|---|---|---|---|---|---|---|---|---|---|---|---|---|---|---|---|---|---|---|---|
| Dewey Decimal Classification | ايمك | Central Library | Central Library | First floor | 21/12/2016 | Purchase | 100.00 | 3397 | 4 | 3 | 612.015 VVV | 000040562 | 15/07/2025 | 12/10/2019 | 125.00 | Book - Borrowing | ||||
| Dewey Decimal Classification | ايمك | Central Library | Central Library | First floor | 21/12/2016 | Purchase | 100.00 | 3397 | 1 | 8 | 612.015 VVV | 000040563 | 15/07/2025 | 06/04/2025 | 125.00 | Book - Borrowing | ||||
| Dewey Decimal Classification | Academic Bookshop | Central Library | Central Library | First floor | 29/12/2016 | Purchase | 55.00 | 2000074 | 2 | 5 | 612.015 VVV | 000040701 | 15/07/2025 | 06/04/2025 | 68.75 | Book - Borrowing | ||||
| Dewey Decimal Classification | Academic Bookshop | Central Library | Central Library | First floor | 11/01/2017 | Purchase | 55.00 | 2000074 | 612.015 VVV | 000040853 | 15/07/2025 | 68.75 | Book - Borrowing |